01326nam a22003497a 4500003000500000005001700005008004100022010001100063011001100074035001100085040000900096082002100105100003500126245006300161260008000224300002000304490003000324590004100354590004100395590004100436590004200477650003200519650004100551650003300592710006300625830003800688901000700726942001000733949007300743999001900816952014100835CHAP20220329143715.0110317s1964 mx a r 00010 spa d a100670 a101642 a112330 cCHAP04a581.6340972bM431 aMatzayani Luna, Xochitl97312610aPlantas medicinales Mexicanasc/por Xochitl Matzayani Luna aMéxico, D.F. :bInstituto Federal de Capacitación del Magisterio,c1964 a139 p. :bilus. 0aTécnica y cienciav; 23 aBATCH-UPDb10c20130110lUCH01h0905 aBATCH-UPDb10c20130410lUCH01h0532 aBATCH-UPDb10c20130914lUCH01h0743 aCONVERSIONb10c20130109lUCH01h135514aBotánica médica.91468014aIndios de MéxicoxMedicina.95763314aMedicina tradicional.9739212 aInstituto Federal de Capacitación del Magisterio.9591880 aTécnica y cienciav; 239113530 aBK cLIBRO a581.6340972 M43bBCcLIBROd33724002232347eLIBROh114425i112330st c100670d100670 00102ddc4052708GRALaBCbBCcPA_GRALd2019-12-31fLIBROl0o581.6340972 M43p33724002232347r2019-12-31 00:00:00w2019-12-31yLIBRO